[Event "Fossano Sociale op 2nd"]
[Site "Fossano"]
[Date "2016.10.24"]
[Round "7"]
[White "Gastaldi, Franco"]
[Black "Ravinale, Eraldo"]
[Result "1-0"]
[WhiteElo "1740"]
[BlackElo "1546"]
[PlyCount "55"]
[EventDate "2016.09.12"]
[EventType "swiss"]
[EventRounds "7"]
[EventCountry "ITA"]
[SourceTitle "EXT 2018"]
[Source "ChessBase"]
[SourceDate "2017.10.13"]
[SourceVersion "1"]
[SourceVersionDate "2017.10.13"]
[SourceQuality "1"]

1. d4 Nf6 2. Bg5 d5 3. c4 c6 4. Nc3 e6 5. e3 Be7 6. Nf3 Nbd7 7. Bd3 h6 8. Bh4 g5 9. Bg3 Nh5 10. Be5 Nxe5 11. Nxe5 Nf6 12. Qc2 Rg8 13. 0-0-0 a5 14. c5 Qc7 15. Qe2 b5 16. Nxc6 Bd7 17. Nxe7 Kxe7 18. Bxb5 Bxb5 19. Nxb5 Qc6 20. a4 g4 21. f3 h5 22. Qf2 Rg5 23. Qg3 Ne8 24. h4 Rg6 25. Qe5 Nf6 26. f4 Rag8 27. f5 Nd7 28. Qd6+ 1-0

[Event "Fossano Sociale op 2nd"]
[Site "Fossano"]
[Date "2016.10.10"]
[Round "5"]
[White "Ravinale, Eraldo"]
[Black "Garelli, Gianluca"]
[Result "1/2-1/2"]
[WhiteElo "1546"]
[BlackElo "1694"]
[PlyCount "93"]
[EventDate "2016.09.12"]
[EventType "swiss"]
[EventRounds "7"]
[EventCountry "ITA"]
[SourceTitle "EXT 2018"]
[Source "ChessBase"]
[SourceDate "2017.10.13"]
[SourceVersion "1"]
[SourceVersionDate "2017.10.13"]
[SourceQuality "1"]

1. d4 d5 2. Nf3 Nf6 3. Nc3 e6 4. h3 c5 5. e3 Nc6 6. Be2 Bd6 7. 0-0 a6 8. Re1 0-0 9. b3 b5 10. Bb2 Bb7 11. Nh2 Qc7 12. Nf3 Rac8 13. dxc5 Bxc5 14. Bd3 e5 15. Bf1 Rfd8 16. Ne2 e4 17. Nfd4 Ne5 18. Rc1 Bb4 19. c3 Bd6 20. Ng3 g6 21. b4 Ned7 22. Nge2 Ne5 23. Ng3 Nc4 24. Bxc4 dxc4 25. Nge2 Nd7 26. f4 exf3 27. Nxf3 Bxf3 28. gxf3 Ne5 29. Nf4 Qe7 30. Rc2 Bxb4 31. Qe2 Bc5 32. Kh2 Nd3 33. Ng2 Nxe1 34. Qxe1 Rd3 35. Bc1 Rcd8 36. Qe2 Bd6+ 37. f4 Qe4 38. Qf2 Bc5 39. Kg3 Re8 40. Qf3 Bxe3 41. Qxe4 Bxc1+ 42. Qxd3 cxd3 43. Rxc1 Re2 44. Rd1 Rxa2 45. Rxd3 Ra3 46. Ne1 a5 47. Kf2 1/2-1/2

[Event "Fossano Sociale op 2nd"]
[Site "Fossano"]
[Date "2016.09.26"]
[Round "3"]
[White "Ravinale, Eraldo"]
[Black "Ravera, Eros"]
[Result "1-0"]
[WhiteElo "1546"]
[BlackElo "1565"]
[PlyCount "159"]
[EventDate "2016.09.12"]
[EventType "swiss"]
[EventRounds "7"]
[EventCountry "ITA"]
[SourceTitle "EXT 2018"]
[Source "ChessBase"]
[SourceDate "2017.10.13"]
[SourceVersion "1"]
[SourceVersionDate "2017.10.13"]
[SourceQuality "1"]

1. e4 e5 2. Nf3 Nc6 3. Bb5 Nf6 4. 0-0 Bc5 5. c3 Nxe4 6. d3 Nxf2 7. Rxf2 Bxf2+ 8. Kxf2 d6 9. Be3 0-0 10. Nbd2 a6 11. Ba4 b5 12. Bc2 d5 13. Bg5 Qd6 14. h4 Ne7 15. Bxe7 Qxe7 16. Qe1 Re8 17. Kg1 Bb7 18. Qg3 e4 19. dxe4 dxe4 20. Re1 e3 21. Nb3 e2 22. Nbd4 Qe3+ 23. Qf2 Bxf3 24. Qxe3 Rxe3 25. Nxf3 Rae8 26. Kf2 c5 27. Ng1 Kf8 28. Rxe2 Rxe2+ 29. Nxe2 Rd8 30. Ke3 b4 31. cxb4 cxb4 32. Bd3 a5 33. Nd4 Rb8 34. Nc6 b3 35. a3 Ra8 36. Bc4 Rc8 37. Bb5 Re8+ 38. Kd2 Re6 39. Nxa5 Rg6 40. Bf1 Rf6 41. Ke1 Re6+ 42. Be2 Ke7 43. Nxb3 Rb6 44. Bd1 Kd8 45. Ke2 Rg6 46. Kf2 Rf6+ 47. Ke3 Rg6 48. Bf3 Kc7 49. Nd4 Rb6 50. b3 g6 51. a4 Kd6 52. a5 Ra6 53. b4 Kc7 54. Nb3 Re6+ 55. Kd3 Rd6+ 56. Kc3 Kb8 57. b5 Ka7 58. b6+ Ka6 59. b7 Ka7 60. Nd4 Rf6 61. Nb5+ Kb8 62. Nd4 Rd6 63. Kc4 Rf6 64. Kb5 Rd6 65. Kc5 Rf6 66. Nc6+ Kxb7 67. Ne7+ Ka6 68. Nc6 Rf5+ 69. Kd6 Rf4 70. Be2+ Kb7 71. a6+ Ka8 72. Bf3 Ra4 73. Kc7 Ra1 74. Nb4+ Ka7 75. Be2 Rc1+ 76. Nc6+ Ka8 77. Bf3 Re1 78. Nb8+ Ka7 79. Bb7 Rc1+ 80. Nc6+ 1-0

[Event "Fossano Sociale op 2nd"]
[Site "Fossano"]
[Date "2016.09.12"]
[Round "1"]
[White "Ravinale, Eraldo"]
[Black "Flego, Dario"]
[Result "1/2-1/2"]
[WhiteElo "1546"]
[BlackElo "1700"]
[PlyCount "123"]
[EventDate "2016.09.12"]
[EventType "swiss"]
[EventRounds "7"]
[EventCountry "ITA"]
[SourceTitle "EXT 2018"]
[Source "ChessBase"]
[SourceDate "2017.10.13"]
[SourceVersion "1"]
[SourceVersionDate "2017.10.13"]
[SourceQuality "1"]

1. e4 d6 2. d4 Nf6 3. Nc3 g6 4. Be2 Bg7 5. Nf3 0-0 6. h3 c5 7. d5 a6 8. a4 Nbd7 9. Bg5 Qc7 10. Qd2 Re8 11. Bc4 Nb6 12. Ba2 e6 13. dxe6 Bxe6 14. Bxe6 Rxe6 15. Bxf6 Bxf6 16. Qf4 Rae8 17. 0-0 Bxc3 18. bxc3 Rxe4 19. Qg3 Qe7 20. Rfe1 d5 21. Kf1 Nc4 22. Rxe4 dxe4 23. Re1 Qd8 24. Nh2 e3 25. Kg1 exf2+ 26. Qxf2 Rxe1+ 27. Qxe1 Qd2 28. Qxd2 Nxd2 29. Nf1 Ne4 30. c4 f5 31. Ne3 Kf7 32. Kf1 f4 33. Nd5 Nd2+ 34. Ke2 Nxc4 35. Nxf4 Ne5 36. Ke3 g5 37. Nd5 Ke6 38. Ke4 Nc6 39. Nc7+ Kd7 40. Nd5 h6 41. g4 b5 42. axb5 axb5 43. Nf6+ Ke6 44. Ng8 Nd4 45. c3 Ne2 46. Kd3 Nf4+ 47. Ke3 Nxh3 48. Nxh6 Nf4 49. Nf5 Ke5 50. Ng3 b4 51. cxb4 cxb4 52. Kd2 Kd4 53. Nh5 b3 54. Kc1 Nd3+ 55. Kb1 Kc3 56. Ng3 Nf2 57. Ne2+ Kb4 58. Nd4 Nxg4 59. Nf3 Kc3 60. Nxg5 Ne5 61. Ne4+ Kb4 62. Nd2 1/2-1/2